| 000 | 00406nam a2200145Ia 4500 | ||
|---|---|---|---|
| 008 | 211109s9999||||xx |||||||||||||| ||und|| | ||
| 082 |
_a822.33 _bMAN-S |
||
| 100 | _aMani, T T | ||
| 245 | 0 | _aShakespeare Kritithikal | |
| 260 |
_bPrentice Hall of India _aNewdelhi _c1975 |
||
| 300 | _ax-950 | ||
| 630 | _xGeneral Stack | ||
| 650 |
_aEnglish literature _vliteratureShakespeare's works _xEnglish |
||
| 942 | _cBOOK | ||
| 999 |
_c4990 _d4990 |
||